书目信息 |
| 题名: |
医疗保险基本理论与实践
|
|
| 作者: | 田勇 , 冯振翼 主编 | |
| 分册: | ||
| 出版信息: | 北京 中国劳动保障出版社 2003 |
|
| 页数: | 318页 | |
| 开本: | 20cm | |
| 丛书名: | ||
| 单 册: | ||
| 中图分类: | F840.684 | |
| 科图分类: | ||
| 主题词: | 保险 | |
| 电子资源: | ||
| ISBN: | 7-5045-4104-4 | |
| 000 | 00651nam0 2200217 450 | |
| 001 | 0652820750 | |
| 005 | 20061020144159.67 | |
| 010 | @a7-5045-4104-4@dCNY23.00 | |
| 100 | @a20061020d2003 km y0chiy0120 ea | |
| 101 | 0 | @achi |
| 102 | @aCN | |
| 102 | @aCN@b110000 | |
| 200 | 1 | @a医疗保险基本理论与实践@Ayi liao bao xian ji ben li lun yu shi jian@f田勇,冯振翼主编@Ftian yong,feng zhen yi zhu bian |
| 210 | @a北京@c中国劳动保障出版社@d2003 | |
| 215 | @a318页@d20cm | |
| 606 | 0 | @a保险 |
| 690 | @aF840.684@v3 | |
| 701 | 0 | @a田勇@Atian yong@4主编 |
| 701 | 0 | @a冯振翼@Afeng zhen yi@4主编 |
| 801 | 0 | @aCN@bPFT@c20061020 |
| 905 | @a10447@dF840.684@e12 | |
| 医疗保险基本理论与实践/田勇,冯振翼主编.-北京:中国劳动保障出版社,2003 |
| 318页;20cm |
| ISBN 7-5045-4104-4:CNY23.00 |
| ● |
| 相关链接 |
|
|
|
|
正题名:医疗保险基本理论与实践
索取号:F840.684/12
 
预约/预借
| 序号 | 登录号 | 条形码 | 馆藏地/架位号 | 状态 | 备注 |
| 1 | 0504156 | 205041569 | 密集书库/ [索取号:F840.684/12] | 在馆 | |
| 2 | 0504157 | 205041578 | 密集书库/ [索取号:F840.684/12] | 在馆 | |
| 3 | 0504158 | 205041587 | 密集书库/ [索取号:F840.684/12] | 在馆 |